50 Charaktere aus Detektiv Conan - Statistiken

Allgemein
  • Dieses Quiz wurde 154 mal gespielt
  • Das Durchschnittsergebnis liegt bei 25 aus 50
Antwortstatistiken
Hinweis Antwort % Korrekt
Hauptcharakter Conan Edogawa
98%
Freundin des Hauptcharakters Ran Mori
94%
Hauptcharakter Shinichi Kudo
87%
Meisterdetektiv Kogoro Mori
86%
Professor Hiroshi Agasa
85%
Detective Boys Ai Haibara
84%
Detective Boys Genta Kojima
80%
Meisterdieb 1412 Kaito Kid
78%
Schwarze Organisation Gin
77%
Schülerdetektiv aus Osaka Heiji Hattori
77%
Schwarze Organisation Vodka
75%
Detective Boys Ayumi Yoshida
72%
Polizei Tokio Juzo Megure
69%
Polizei Tokio Wataru Takagi
68%
Rechtsanwältin Eri Kisaki
65%
Schülerin (Teitan-Oberschule) Sonoko Suzuki
65%
Sängerin & Schauspielerin Yoko Okino
64%
Detective Boys Mitsuhiko Tsuburaya
61%
Polizei Tokio Miwako Sato
60%
Vater des Hauptcharakters Yusaku Kudo
55%
Mutter des Hauptcharakters Yukiko Kudo
51%
Freundin des Schülerdetektivs Kazuha Toyama
50%
Schwarze Organisation Vermouth
50%
Schwarze Organisation Bourbon
49%
FBI-Agent Shuichi Akai
49%
FBI-Agentin Jodie Starling
46%
Schwarze Organisation Korn
46%
Polizei Tokio Ninzaburo Shiratori
46%
Schwarze Organisation Kir
40%
FBI-Agent James Black
39%
Polizei Tokio Kazunobu Chiba
37%
Doktor Tomoaki Araide
37%
Schwarze Organisation Chianti
35%
FBI-Agent Andre Camel
34%
Polizei Tokio Yumi Miyamoto
34%
Schülerin (Teitan-Oberschule) Masumi Sera
32%
Mysteriöser Nachbar Subaru Okiya
30%
Kellnerin im Café Poirot Azusa Enomoto
29%
Polizei Osaka Heizo Hattori
29%
Polizei Gunma Misao Yamamura
27%
Lehrerin (Teitan-Grundschule) Sumiko Kobayashi
24%
Polizei Osaka Goro Otaki
23%
Schwarze Organisation Anokata
21%
Schüler (Teitan-Oberschule) Eisuke Hondo
21%
Polizei Kanagawa Jugo Yokomizo
20%
Polizei Tokio Ginzo Nakamori
19%
Polizei Tokio Kiyonaga Matsumoto
19%
Polizei Shizuoka Sango Yokomizo
18%
Polizei Osaka Ginshiro Toyama
16%
Schwarze Organisation Akemi Miyano
13%
Keine übereinstimmenden Quizze gefunden
Verteilung der Resultate
Anzahl Personen mit jedem Resultat
Perzentil nach korrekt beantworteten Fragen
Ihre Resultats-Entwicklung
Sie haben dieses Quiz noch nicht gespielt